| 000 | 01234nam a2200229 a 4500 | ||
|---|---|---|---|
| 001 | 57868 | ||
| 005 | 20180714054234.0 | ||
| 008 | 140415s1990 mx 000 0 spa d | ||
| 020 | _a9681634497 | ||
| 041 | _aspa | ||
| 082 |
_a320.01 _bBEC |
||
| 100 | 1 | _aBECKER, WERNER | |
| 245 | 1 | 3 |
_aLA LIBERTAD QUE QUEREMOS : _bLA DECISION PARA LA DEMOCRACIA LIBERAL |
| 250 | _a1a ed. | ||
| 260 |
_aMEXICO : _bFONDO DE CULTURA ECONOMICA, _c1990 |
||
| 300 |
_a2 _c15.3 x 1.2 x 22.9 |
||
| 490 | _aSECCION DE OBRAS DE FILOSOFIA | ||
| 520 | _aEN 1789, LOS REVOLUCIONARIOS FRANCESES CREABAN UNA NOVEDOSA FORMA DEL ESTADO QUE PERVIVE HASTA NUESTROS DIAS: EL ESTADO DE LA DEMOCRACIA LIBERAL, QUE SE EXTIENDE MAS ALLA DEL OCCIDENTE QUE LO VIO NACER. EL PRINCIPAL COMPONENTE DE LA DEMOCRACIA DE CORTE LIBERAL ES EL PLURALISMO EN LA ESTRUCTURA DEL EDIFICIO DE GOBIERNO Y EN LA SOCIEDAD EN GENERAL, ASI COMO LOS PROCEDIMIENTOS DEMOCRATICOS Y LEGALES EN LA ALTERNANCIA DEL PODER. UNA SOCIEDAD FUNDADA EN LA COMPETENCIA, ABIERTA A LOS CAMBIOS | ||
| 650 | 1 | 4 |
_aDEMOCRACIA _xFILOSOFIA POLITICA _xLIBERTAD _xPOLITICA |
| 700 | 1 |
_aALVAREZ SALAS, OMAR _etr. |
|
| 740 | _aDIE FREIHEIT, DIE WIR MEINEN. ENTSCHEIDUNG FÜR DIE LIBERALE DEMOKRATIE | ||
| 999 |
_c57868 _d57868 |
||